000 00364 a2200109 4500
001 ART_46378
005 20260410161925.0
008 260409a
245 1 0 _aA solution to the problem of ecternalities when agents are well-informed
100 1 _aVarian, Hal R.
773 0 _tThe American Economic Review
_g- Vol. 84, NÂș 5 (dic. 1994)
_wREV16190
999 _c28109
_d28109